| 000 | 01255nam a2200265Ia 4500 | ||
|---|---|---|---|
| 003 | OSt | ||
| 005 | 20220930095013.0 | ||
| 006 | a|||||r|||| 00| 0 | ||
| 007 | ta | ||
| 008 | 220926b |||||||| |||| 00| 0 hin d | ||
| 024 | _a66250 | ||
| 037 | _cTheses | ||
| 040 |
_aCRL _cCRL _bhin |
||
| 041 |
_2hin _ahin |
||
| 100 | _aलक्ष्मी बंसल, ले. | ||
| 110 | _aदिल्ली विश्वविद्यालय. कला संकाय. हिन्दी विभाग | ||
| 245 | 0 | _aस्त्री आत्मकथाओं में सामाजिक राजनैतिक पराधीनता का यथार्थ और मुक्ति का द्वंद्व, लक्ष्मी बंसल | |
| 246 | _aStrī ātmakathāoan mean sāmājik rājanaitik parādhīnatā kā yathārtha aur mukti kā dvandva, lakṣhmī bansala | ||
| 260 | _c2018 | ||
| 300 |
_a338पृ0 _ap. _ccm. |
||
| 650 | _aहिन्दी साहित्य | ||
| 700 | _aदिल्ली विश्वविद्यालय. कला संकाय. हिन्दी विभाग | ||
| 942 |
_cDIS _2CC |
||
| 999 |
_c888143 _d888143 |
||